| 000 | 00673 a2200217 4500 | ||
|---|---|---|---|
| 003 | NUST | ||
| 005 | 20240730120625.0 | ||
| 010 | _a 80024978 | ||
| 020 | _a0471081329 | ||
| 040 | _cNust | ||
| 082 | 0 | 0 | _a005.82,KON |
| 100 | 1 |
_aKonheim, Alan G., _993884 |
|
| 245 | 1 | 0 |
_aCryptography, a primer / _cAlan G. Konheim. |
| 260 |
_aNew York : _bWiley, _cc1981. |
||
| 300 |
_axiv, 432 p. ; _bill. ; _c24 cm. |
||
| 505 | _aPART I :Foundations of Cryptography (Page-3), PART II :Application of Cryptography (Page-285). | ||
| 650 | 0 |
_aComputer security. _9570 |
|
| 650 | 0 | _aCryptography. | |
| 650 | 0 |
_aTelecommunication _xSecurity measures. _993885 |
|
| 942 |
_2ddc _cBK _k005.82,KON |
||
| 999 |
_c175337 _d175337 |
||